La religión dentro de los límites de la mera razón /
Na minha lista:
| Autor principal: | |
|---|---|
| Outros Autores: | |
| Formato: | Livro |
| Idioma: | espanhol |
| Publicado em: |
Madrid, España :
Alianza,
1981, c1981
|
| Tags: |
Sem tags, seja o primeiro a adicionar uma tag!
|
MARC
| LEADER | 00000nam^a2200000^a^4500 | ||
|---|---|---|---|
| 001 | 000564223 | ||
| 005 | 20250521000000.0 | ||
| 009 | 20260310132020.908 | ||
| 020 | |a 84-206-1163-8 | ||
| 037 | |a Acervo Xavier Clavigero | ||
| 041 | |a ESP | ||
| 091 | |a FPA. 00724 | ||
| 100 | |a Kant, Immanuel |e (autor) | ||
| 245 | 1 | 3 | |a La religión dentro de los límites de la mera razón / |
| 264 | 4 | |a Madrid, España : |b Alianza, |c 1981, c1981 | |
| 300 | |a 260 p. | ||
| 336 | |a texto |b txt |2 rdacontenido | ||
| 337 | |a sin mediación |b n |2 rdamedio | ||
| 338 | |a volumen |b nc |2 rdasoporte | ||
| 649 | |a XX | ||
| 700 | |a Martínez Marzoa, Felipe |e (prólogo, notas y traducción) | ||
| 910 | |a Fondo José Ignacio Palencia Gómez S.J. | ||
| 920 | |a Impresos - Libros | ||
| 930 | |a Fondos Especiales | ||
| 905 | |a 137 | ||
| 901 | |a 0500360572 |b IT2 |c ESL |i D |u 20250521 | ||
| 902 | |a https://opac.biblio.iteso.mx/vufind/Record/000564223 | ||